Royal crown #4 / written & illustrated by Meg ... Read More
Available copies
- 1 of 1 copy available at LARL/NWRL Consortium. (Show)
- 1 of 1 copy available at Northwest Regional Library.
Current holds
0 current holds with 1 total copy.
Show Only Available Copies
| Location | Call Number / Copy Notes | Barcode | Shelving Location | Status | Due Date |
|---|---|---|---|---|---|
| Godel Memorial-Warren Library | j CAB (Text) | 35500006079063 | Main | Available | - |
Record details
- ISBN: 9781250111548
- ISBN: 1250111544
- Physical Description: 217 pages : illustrations ; 22 cm.
- Edition: First edition.
- Publisher: New York : Feiwel & Friends, 2018.
Content descriptions
| Summary, etc.: | Anticipating her sister's coronation, Princess ... Read More |
Search for related items by subject
| Subject: | Princesses > Juvenile fiction. Families > Juvenile fiction. Middle schools > Juvenile fiction. Schools > Juvenile fiction. Diaries > Juvenile fiction. |
Search for related items by series
| LDR | 01432cam a2200361Ii 4500 | ||
|---|---|---|---|
| 001 | 295364 | ||
| 003 | LARL_NWRL_CONSORTIUM | ||
| 005 | 20180816194504.0 | ||
| 008 | 170726s2018 nyua j 000 1 eng d | ||
| 019 | . | ‡a1026616150 ‡a1035944690 | |
| 020 | . | ‡a9781250111548 ‡q(hardcover) | |
| 020 | . | ‡a1250111544 ‡q(hardcover) | |
| 035 | . | ‡a(OCoLC)994532667 ‡z(OCoLC)1026616150 ‡z(OCoLC)1035944690 | |
| 040 | . | ‡aYDX ‡beng ‡cYDX ‡dBDX ‡dTOH ‡dKC# ‡dBLP ‡dPLS ‡dOCLCQ ‡dOQX ‡dORX ‡dOI6 ‡dOCLCF ‡dT7R ‡dGZD | |
| 082 | 0 | 4. | ‡a[Fic] ‡223 |
| 099 | . | ‡aFIC | |
| 100 | 1 | . | ‡aCabot, Meg, ‡eauthor, ‡eillustrator. ‡0(LARL_NWRL_CONSORTIUM)130290 |
| 245 | 1 | 0. | ‡aRoyal crown ‡n#4 / ‡cwritten & illustrated by Meg Cabot. |
| 250 | . | ‡aFirst edition. | |
| 264 | 1. | ‡aNew York : ‡bFeiwel & Friends, ‡c2018. | |
| 300 | . | ‡a217 pages : ‡billustrations ; ‡c22 cm. | |
| 336 | . | ‡atext ‡btxt ‡2rdacontent | |
| 337 | . | ‡aunmediated ‡bn ‡2rdamedia | |
| 338 | . | ‡avolume ‡bnc ‡2rdacarrier | |
| 490 | 0 | . | ‡aFrom the notebooks of a middle school princess ; ‡v4 |
| 520 | . | ‡aAnticipating her sister's coronation, Princess Olivia visits with an American friend, while dealing with her cousin's gossiping about her relationship with Prince Kahlil. | |
| 650 | 0. | ‡aPrincesses ‡vJuvenile fiction. ‡0(LARL_NWRL_CONSORTIUM)166862 | |
| 650 | 0. | ‡aFamilies ‡vJuvenile fiction. ‡0(LARL_NWRL_CONSORTIUM)164956 | |
| 650 | 0. | ‡aMiddle schools ‡vJuvenile fiction. ‡0(LARL_NWRL_CONSORTIUM)173367 | |
| 650 | 0. | ‡aSchools ‡vJuvenile fiction. ‡0(LARL_NWRL_CONSORTIUM)167227 | |
| 650 | 0. | ‡aDiaries ‡vJuvenile fiction. ‡0(LARL_NWRL_CONSORTIUM)171810 | |
| 901 | . | ‡a295364 ‡b ‡c295364 ‡tbiblio | |

Add to basket
Permalink
Enable Highlighting